|
|
|
|
| LEADER |
00000cas a2200000 a 4500 |
| 001 |
vtls001407008 |
| 003 |
SK-MaSNL |
| 005 |
20260228160138.0 |
| 008 |
010209d19471951xr mr 0 0 0cze c |
| 035 |
|
|
|a SNK000361656
|
| 040 |
|
|
|a SNK
|b slo
|c SNK
|e AACR2
|
| 041 |
0 |
|
|a cze
|
| 044 |
|
|
|a xr
|c CZ
|
| 072 |
|
7 |
|a +393
|x Smrť. Pohreby. Obyčaje pri úmrtí
|
| 080 |
|
|
|a 393.2
|2 2011
|
| 080 |
|
|
|a (051)-048.55
|2 2011
|
| 080 |
|
|
|a 050
|2 2011
|
| 245 |
0 |
0 |
|a Přátelství
|b měsíčník spolku "Krematorium"
|
| 260 |
|
|
|a Praha
|b Spolek Krematorium
|c 1947-1951
|
| 300 |
|
|
|a 5 zv.
|c cm
|
| 310 |
|
|
|a 1x mesačne
|
| 362 |
0 |
|
|a Roč. 1 (1947)-roč. 5 (1951)
|
| 500 |
|
|
|a Zmena podnázvu: měsíčník přátel myšlenky žehu (od r. 1950)
|
| 650 |
0 |
7 |
|a kremácia
|2 SNKPH
|9 31575
|
| 655 |
|
7 |
|a špecializované časopisy
|2 SNKPH
|9 70509
|
| 780 |
1 |
0 |
|t Žeh
|
| 785 |
1 |
0 |
|t Žeh
|
| 910 |
|
|
|a snk
|
| 999 |
|
|
|c 1675
|d 3605
|
| 952 |
|
|
|0 0
|1 1
|4 0
|7 0
|a SNK
|b SNK
|d 2001-02-09
|l 0
|o snkČB 665/3/1949
|p 17A0152445
|r 2005-01-02 00:00:00
|t č. 1-10
|w 2026-02-21
|y PREZ
|
| 952 |
|
|
|0 0
|1 1
|4 0
|7 0
|a SNK
|b SNK
|d 2001-02-09
|l 0
|o snkČB 665/2/1948
|p 17A0152446
|r 2005-01-02 00:00:00
|t č. 1-7
|w 2026-02-21
|y PREZ
|
| 952 |
|
|
|0 0
|1 1
|4 0
|7 0
|a SNK
|b SNK
|d 2001-02-09
|l 0
|o snkČB 665/1/1947
|p 17A0152447
|r 2005-01-02 00:00:00
|t č. 1-10
|w 2026-02-21
|y PREZ
|
| 952 |
|
|
|0 0
|1 1
|4 0
|7 0
|a SNK
|b SNK
|d 2001-02-09
|l 0
|o snkČB 665/4/1950
|p 17A0152448
|r 2005-01-02 00:00:00
|t č. 1-10
|w 2026-02-21
|y PREZ
|
| 952 |
|
|
|0 0
|1 1
|4 0
|7 0
|a SNK
|b SNK
|d 2001-02-09
|l 0
|o snkČB 665/5/1951
|p 17A0152444
|r 2005-01-02 00:00:00
|t č. 1-10
|w 2026-02-21
|y PREZ
|